00736nam a2200241 a 4500001001300000003000900013005001700022008004100039020002300080082001600103100001700119245005600136260003300192300000900225500003500234505001700269650004000286700001700326902000800343942000700351952011900358999001700477nice12345678IN_TiNIC20260116015005.0050524s1990 onta grp 000 0 eng  a0836121 c10000a303.66bZEH aZehr, Howard aChanging Lensesb a New Focus for Crime and Justice aOntariobHerald Press c1990 a271p aincludes index and biblioraphy2 abibliography aPeace-Religious Aspect-Christianity1 aZehr, Howard bSRS cBK 001040708StackRoom-aHMIbHMId2010-05-28g100.00l0o303.66 ZEHp11000223r2010-05-28v100.00w2005-05-24yBK c17859d17859